| 000 | 01769nam a2200385 c 4500 | ||
|---|---|---|---|
| 003 | BLK | ||
| 005 | 20180420214619.0 | ||
| 008 | 180412b bul|||||r ||||||| ||bul|| | ||
| 010 | _aKNG00012643000 | ||
| 020 |
_a954-649-050-4 _bиздат.: Сиела Софт енд Паблишинг |
||
| 040 | _aBLK | ||
| 041 |
_aBUL _cBUL |
||
| 080 |
_aНамеса на държавата в пазарното стопанство. Вж и 338.246 _b338.242.4 _x.025.88 _z338.242.4.025.88 |
||
| 080 |
_aКапиталовложения. Образуване на капитала. Инвестиции _b330.322 _x _z330.322 |
||
| 080 |
_aКредит. Функции на кредита в националната икономика. Финансов лизинг. Кредитни дружества и банки. Безлихвени заеми и др. _b336.77 _x _z336.77 |
||
| 100 | 1 |
_aГеоргиев, Владимир Георгиев _eпърви автор _9256172 |
|
| 139 |
_aГеоргиев, Владимир Георгиев _bГ 37 |
||
| 245 | 1 | 0 |
_aПриватизационните фондове _cВладимир Георгиев Георгиев. |
| 257 | _aBGR | ||
| 260 |
_аСофия _bСиела Софт енд Паблишинг _c1996 |
||
| 300 |
_a286 с. _c22 см |
||
| 380 | _a3 | ||
| 500 | _aДеп. списък: 19. - 1 000 тир. | ||
| 650 | 4 |
_aПриватизация _9167757 |
|
| 650 | 4 |
_aИнвестиции _9157148 |
|
| 650 | 4 |
_aКапиталов пазар _9242933 |
|
| 650 | 4 |
_aАкционерни дружества _9253982 |
|
| 653 | _aприватизация | ||
| 653 | _aфондове | ||
| 852 | _aЦб 189114 | ||
| 856 | 4 |
_qpdf _u |
|
| 856 | 4 |
_qpdf _u |
|
| 942 |
_cKNG _n0 |
||
| 944 |
_aCR _c15.01.2003 _kКети_Илиева |
||
| 944 |
_aED _c21.11.2012 _k |
||
| 999 |
_c11120 _d11120 |
||